Normal view
MARC view
- Electromagnetic compatibility Handbooks, manuals, etc
Entry Topical Term
001 - CONTROL NUMBER
- control field: 125216
003 - CONTROL NUMBER IDENTIFIER
- control field: NUST
005 - DATE AND TIME OF LATEST TRANSACTION
- control field: 20240819163854.0
008 - FIXED-LENGTH DATA ELEMENTS
- fixed length control field: 240819|| aca||aabn | a|a d
040 ## - CATALOGING SOURCE
- Original cataloging agency: NUST
- Transcribing agency: NUST
150 ## - HEADING--TOPICAL TERM
- Topical term or geographic name entry element: Electromagnetic compatibility Handbooks, manuals, etc
670 ## - SOURCE DATA FOUND
- Source citation: Work cat.: (NUST): Carr, Joseph J. 26343, The technician's EMI handbook : , 2002.
